| 000 | 00427nmm a2200157Ia 4500 | ||
|---|---|---|---|
| 008 | 251105s9999||||xx |||||||||||||||||und|| | ||
| 041 | _aspa | ||
| 100 | _aHern, Candice | ||
| 245 | 0 | _aEl caballero y las damas | |
| 264 |
_a[Madrid, España] : _bLa Factoría de Ideas, _c2012 |
||
| 300 | _a256 páginas | ||
| 490 | _aPandora | ||
| 650 | _aRomance | ||
| 856 | _uhttps://public.digitaliapublishing.com/a/25361 | ||
| 942 | _cCF | ||
| 999 |
_c100392 _d100392 |
||